Statistics for Demons - Imagine Dragons (All lyrics)

Click here to take the quiz!

General Stats

  • This quiz has been taken 81 times
  • The average score is 259 of 308

Answer Stats

Lyrics% Correct
my
100%
demons
98%
I
98%
the
98%
When
98%
in
96%
you
96%
We
95%
we
95%
inside
93%
is
93%
and
91%
And
91%
are
91%
Are
91%
go
91%
hide
91%
it's
91%
It's
91%
made
91%
of
91%
to
91%
too
91%
where
91%
all
89%
close
89%
Don't
89%
get
89%
Your
89%
your
89%
dark
88%
this
88%
This
88%
wanna
86%
kingdom
84%
No
84%
what
84%
come
82%
days
82%
truth
82%
can
80%
cold
80%
eyes
80%
shelter
80%
gold
79%
look
79%
matter
79%
me
79%
into
77%
now
77%
beast
75%
But
73%
dreams
73%
nowhere
73%
cards
71%
see
71%
that
71%
There's
71%
they
71%
They
71%
with
71%
fail
70%
let
70%
so
70%
So
70%
still
70%
fold
68%
greed
68%
heat
68%
light
68%
saints
68%
say
68%
am
66%
for
66%
worst
66%
feel
64%
make
64%
ones
64%
out
64%
hail
63%
run
63%
shine
63%
down
61%
last
61%
bright
59%
show
59%
soul
59%
blood's
57%
breed
57%
dug
57%
grave
57%
how
57%
masquerade
57%
mess
55%
need
55%
up
55%
you've
55%
can't
54%
fade
54%
hell-bound
54%
sinners
52%
Unless
52%
call
50%
escape
50%
fate
50%
lights
50%
save
50%
stale
50%
Will
48%
crawl
46%
woven
46%
at
45%
At
45%
calling
41%
curtain's
39%
Though
39%

Score Distribution

Percentile by Number Answered

Percent of People with Each Score

Your Score History

You have not taken this quiz